000 00466nam a2200181Ia 4500
005 20250508151357.0
008 008 250505s9999 xx 000 0 hin d
037 _aTextual
040 _aFEDL
_beng
_cFEDL
041 _ahin
_2eng
084 _a891.432, DIX
_qFEDL
100 _aDixit Jagdish
245 0 _aGhar ki rani
260 _aDelhi, India
_bAnand Prakashan
300 _a33p
942 _cTEXL
_h891.432, DIX
999 _c1329374
_d1329374